<?xml version="1.0" encoding="UTF-8"?>
<record
    xmlns:xsi="http://www.w3.org/2001/XMLSchema-instance"
    xsi:schemaLocation="http://www.loc.gov/MARC21/slim http://www.loc.gov/standards/marcxml/schema/MARC21slim.xsd"
    xmlns="http://www.loc.gov/MARC21/slim">

  <leader>01855    a2200217   4500</leader>
  <controlfield tag="001">54400</controlfield>
  <controlfield tag="005">20260407155817.0</controlfield>
  <controlfield tag="008">260407a1983    arg                 spa d</controlfield>
  <controlfield tag="003">AR-UNSa-BCEJYS</controlfield>
  <datafield tag="040" ind1=" " ind2=" ">
    <subfield code="a">AR-UNSa-BCEJYS</subfield>
    <subfield code="b">spa</subfield>
    <subfield code="c">AR-UNSa-BCEJYS</subfield>
  </datafield>
  <datafield tag="080" ind1=" " ind2=" ">
    <subfield code="a">321</subfield>
    <subfield code="x">Formas de la organizaci&#xF3;n pol&#xED;tica. Los estados como poderes pol&#xED;ticos</subfield>
  </datafield>
  <datafield tag="245" ind1="1" ind2="0">
    <subfield code="a">Partidos pol&#xED;ticos</subfield>
    <subfield code="p">teor&#xED;a general y r&#xE9;gimen legal</subfield>
  </datafield>
  <datafield tag="020" ind1=" " ind2=" ">
    <subfield code="a">950-14-0133-2</subfield>
  </datafield>
  <datafield tag="250" ind1=" " ind2=" ">
    <subfield code="a">4a. ed.</subfield>
  </datafield>
  <datafield tag="264" ind1=" " ind2="1">
    <subfield code="a">Buenos Aires :</subfield>
    <subfield code="b">Depalma</subfield>
    <subfield code="c">1983</subfield>
  </datafield>
  <datafield tag="300" ind1=" " ind2=" ">
    <subfield code="a">196 p.</subfield>
    <subfield code="c">23 cm.</subfield>
  </datafield>
  <datafield tag="505" ind1=" " ind2=" ">
    <subfield code="a">I. Los partidos pol&#xED;ticos como tema de la ciencia pol&#xED;tica - II. Los partidos como hecho social constante - III. Relaci&#xF3;n gen&#xE9;tica entre los partidos pol&#xED;ticos y el r&#xE9;gimen democr&#xE1;tico representativo - IV. Noci&#xF3;n de partido pol&#xED;tico y posibilidad de una teor&#xED;a general - V. Clasificaciones de los partidos pol&#xED;ticos - VI. Funciones propias y rasgos caracter&#xED;sticos de los partidos pol&#xED;ticos - VII. Defectos,desviaciones y desnaturalizaci&#xF3;n de los partidos pol&#xED;ticos - VIII. Temas para una teor&#xED;a general de los partidos pol&#xED;ticos: Organizaci&#xF3;n y funcionamiento,dirigentes,miembros,doctrinas y programas,disciplina partidaria,luchas y colaboraciones,etc. - IX. Reglamentaci&#xF3;n legal de los partidos pol&#xED;ticos.Principios generales - X. La reglamentaci&#xF3;n legal de los partidos pol&#xED;ticos en la Rep&#xFA;blica Argentina - XI. La ley org&#xE1;nica de los partidos pol&#xED;ticos (N&#xB0; 16.652) - XII. La "Revoluci&#xF3;n Argentina" frente a los partidos pol&#xED;ticos - XIII. La Ley 19.106,el gobierno del 25 de Mayo de 1973 al 24 de Marzo de 1976,el "proceso de reorganizaci&#xF3;n nacional" y los partidos pol&#xED;ticos - XIV. La ley org&#xE1;nica de los partidos pol&#xED;ticos promulgada el 26 de Agosto de 1982 (N&#xB0; 22.627)</subfield>
  </datafield>
  <datafield tag="942" ind1=" " ind2=" ">
    <subfield code="c">BK</subfield>
  </datafield>
  <datafield tag="590" ind1=" " ind2=" ">
    <subfield code="a">niveau_biblio:m niveau_hierar:0</subfield>
  </datafield>
  <datafield tag="100" ind1="1" ind2=" ">
    <subfield code="a">L&#xF3;pez, Mario Justo</subfield>
  </datafield>
  <datafield tag="999" ind1=" " ind2=" ">
    <subfield code="c">5557</subfield>
    <subfield code="d">5557</subfield>
  </datafield>
  <datafield tag="952" ind1=" " ind2=" ">
    <subfield code="0">0</subfield>
    <subfield code="1">0</subfield>
    <subfield code="4">0</subfield>
    <subfield code="7">0</subfield>
    <subfield code="a">BCEJYS</subfield>
    <subfield code="b">BCEJYS</subfield>
    <subfield code="c">16</subfield>
    <subfield code="d">2026-04-07</subfield>
    <subfield code="l">0</subfield>
    <subfield code="o">321 L864</subfield>
    <subfield code="p">L45353</subfield>
    <subfield code="r">2026-04-07 15:58:17</subfield>
    <subfield code="w">2026-04-07</subfield>
    <subfield code="y">L</subfield>
  </datafield>
  <datafield tag="952" ind1=" " ind2=" ">
    <subfield code="0">0</subfield>
    <subfield code="1">0</subfield>
    <subfield code="4">0</subfield>
    <subfield code="7">0</subfield>
    <subfield code="a">BCEJYS</subfield>
    <subfield code="b">BCEJYS</subfield>
    <subfield code="c">16</subfield>
    <subfield code="d">2026-04-07</subfield>
    <subfield code="l">0</subfield>
    <subfield code="o">321 L864</subfield>
    <subfield code="p">L45354</subfield>
    <subfield code="r">2026-04-07 15:58:17</subfield>
    <subfield code="w">2026-04-07</subfield>
    <subfield code="y">L</subfield>
  </datafield>
</record>
